University Home | Library Home | Institutional Repository

Natioal Participation framework (Record no. 216485)

MARC details
000 -LEADER
fixed length control field 00636nam a22001697a 4500
005 - DATE AND TIME OF LATEST TRANSACTION
control field 20260325120846.0
008 - FIXED-LENGTH DATA ELEMENTS--GENERAL INFORMATION
fixed length control field 260325b ||||| |||| 00| 0 eng d
040 ## - CATALOGING SOURCE
Original cataloging agency LC
Transcribing agency UNZA
Modifying agency UNZA
Description conventions RDA
099 ## - LOCAL FREE-TEXT CALL NUMBER (OCLC)
Classification number GOV.ZAM (02) 2022
110 ## - MAIN ENTRY--CORPORATE NAME
Corporate name or jurisdiction name as entry element Ministry of Community Development and Social Services
245 ## - TITLE STATEMENT
Title Natioal Participation framework
Statement of responsibility, etc. Ministry of Community Development and Social Services
260 ## - PUBLICATION, DISTRIBUTION, ETC.
Place of publication, distribution, etc. Lusaka :
Name of publisher, distributor, etc. Ministry of Community Development and Social Services,
Date of publication, distribution, etc. 2022.
300 ## - PHYSICAL DESCRIPTION
Extent 52 pages :
Other physical details illustrations.
650 ## - SUBJECT ADDED ENTRY--TOPICAL TERM
Topical term or geographic name entry element Child labour
General subdivision Child particpation
Geographic subdivision Zambia.
650 ## - SUBJECT ADDED ENTRY--TOPICAL TERM
Topical term or geographic name entry element Community development.
999 ## -
-- 216485
-- 216485
942 ## - ADDED ENTRY ELEMENTS (KOHA)
Koha item type Government Publications
Holdings
Withdrawn status Lost status Source of classification or shelving scheme Damaged status Not for loan Home library Current library Shelving location Date acquired Total Checkouts Full call number Barcode Date last seen Copy number Price effective from Koha item type
    Library of Congress Classification     Main Library Main Library Special collections 03/25/2026   GOV.ZAM (02) 2022 33729006793710 03/25/2026 C.1 03/25/2026 Government Publications
© 2026 - The University of Zambia Library - Koha v25.11